Presence : how mindfulness and meditation shape your brain, mind, and life / Paul Verhaeghen. (Record no. 22198)

000 -LEADER
fixed length control field 00613nam a22001937a 4500
020 ## - INTERNATIONAL STANDARD BOOK NUMBER
ISBN 9780199395606
082 ## - DEWEY DECIMAL CLASSIFICATION NUMBER
Classification number 158.9
Item number V511p 2017
100 ## - MAIN ENTRY--AUTHOR NAME
Personal name Verhaeghen, Paul, author
245 ## - TITLE STATEMENT
Title Presence : how mindfulness and meditation shape your brain, mind, and life / Paul Verhaeghen.
250 ## - EDITION STATEMENT
Edition statement 1st edition.
260 ## - PUBLICATION, DISTRIBUTION, ETC. (IMPRINT)
Place of publication New York, NY :
Name of publisher Oxford University Press,
Year of publication c2017.
300 ## - PHYSICAL DESCRIPTION
Number of Pages 1 online resource, xvi, 230 pages.
500 ## - GENERAL NOTE
General note Includes bibliographical references and index.
650 ## - SUBJECT ADDED ENTRY--TOPICAL TERM
Topical Term Mindfulness.
650 ## - SUBJECT ADDED ENTRY--TOPICAL TERM
Topical Term Meditation.
650 ## - SUBJECT ADDED ENTRY--TOPICAL TERM
Topical Term Mind and body.
650 ## - SUBJECT ADDED ENTRY--TOPICAL TERM
Topical Term Brain.
942 ## - ADDED ENTRY ELEMENTS (KOHA)
Koha item type Electronic Books
Holdings
Source of acquisition Permanent Location Date acquired Collection code Koha item type Lost status Shelving location Withdrawn status Current Location Full call number
DonationCagayan State University - Carig Library2026-04-16E-BooksElectronic Books E-Resource Section Cagayan State University - Carig Library158.9 V511p 2017

Cagayan State University University Library, Carig Campus
Tuguegarao City, Cagayan 3500 | www.csucarig.edu.ph

Powered by Koha